000 01183nam2a2200337 4500
001 RU\NLR\bibl\951571
005 20250630112547.0
010 _a5-9524-2107-5
_bТ. 3
_93000
021 _aRU
_b2006-17008
_9844
035 _a(NLR Aleph) 000939672
090 _a211833
_c211833
100 _a20060519d2006 |||y0rusy50 ca
101 0 _arus
102 _aRU
105 _ay |||||||||
200 1 _aПерсидская война, 1826-1828 гг.
210 _d2006
215 _a526,[1] с.
461 0 _1001RU\NLR\bibl\950516
_12001#$aКавказская война$vТ. 3
_9205470
_aПотто, В. А.
_cМосква
_d2006
_fВасилий Потто
_nЦентрполиграф
_o[в 5 т.]
_tКавказская война
_y5-9524-2104-0
_vТ. 3
606 1 _aРусско-персидская война
_z1826 - 1828
_91680466
_3RU\NLR\auth\661044823
686 _aЦ35(2)471.7
686 _aТ3(2)472-681
801 0 _aRU
_bNLR
_c20060519
_grcr
801 1 _aRU
_bNLR
_c20060519
852 _aNLR
_bОНЛ
_j2006-5/2838
852 _aNLR
_bОНЛ
_j2006-5/2838
852 _aNLR
_bОНЛ
_jС2 Ц35(2)472.2/П-645
942 _cBOOK
980 _aNB